000 00555cam a2200169 4500500
005 20260329001541.0
041 _afre
042 _adc
100 1 0 _aConche, Marcel
_eauthor
245 0 0 _aPréface à la “Lettre à Ménécée” et aux “Sentences vaticanes”
260 _c2008.
500 _a40
690 _aBonheur
690 _aMarcel Conche
786 0 _nPhilosophie magazine | 16 | 2 | 2008-02-01 | p. 22-22 | 1951-1787
856 4 1 _uhttps://shs.cairn.info/magazine-philosophie-magazine-2008-2-page-22?lang=fr&redirect-ssocas=7080
999 _c1806436
_d1806436